Company secretarial practice (Record no. 226487)
[ view plain ]
| 000 -LEADER | |
|---|---|
| fixed length control field | 00634nam a22002177a 4500 |
| 005 - DATE AND TIME OF LATEST TRANSACTION | |
| control field | 20230131115005.0 |
| 008 - FIXED-LENGTH DATA ELEMENTS--GENERAL INFORMATION | |
| fixed length control field | 230131b ||||| |||| 00| 0 eng d |
| 040 ## - CATALOGING SOURCE | |
| Transcribing agency | AL |
| 041 ## - LANGUAGE CODE | |
| Language code of text/sound track or separate title | eng |
| 082 ## - DEWEY DECIMAL CLASSIFICATION NUMBER | |
| Edition number | 23 |
| Classification number | 658.023 |
| Item number | BASC |
| 100 ## - MAIN ENTRY--PERSONAL NAME | |
| Personal name | K D Basaba |
| 100 ## - MAIN ENTRY--PERSONAL NAME | |
| 9 (RLIN) | 70248 |
| 245 ## - TITLE STATEMENT | |
| Title | Company secretarial practice |
| 260 ## - PUBLICATION, DISTRIBUTION, ETC. | |
| Place of publication, distribution, etc. | Hubli |
| Name of publisher, distributor, etc. | Vidyavahini Prakashana |
| Date of publication, distribution, etc. | 1992 |
| 300 ## - PHYSICAL DESCRIPTION | |
| Extent | vii,439p. |
| Other physical details | PB |
| Dimensions | 21x13cm |
| 365 ## - TRADE PRICE | |
| Source of price type code | Management |
| Price amount | 55.00 |
| Currency code | ₹ |
| Unit of pricing | 55.00 |
| 650 ## - SUBJECT ADDED ENTRY--TOPICAL TERM | |
| Topical term or geographic name entry element | Joint Stock Companies |
| 9 (RLIN) | 70249 |
| 650 ## - SUBJECT ADDED ENTRY--TOPICAL TERM | |
| Topical term or geographic name entry element | Formation of Public Companies |
| 9 (RLIN) | 70250 |
| 650 ## - SUBJECT ADDED ENTRY--TOPICAL TERM | |
| Topical term or geographic name entry element | Meetings and Proceedings |
| 9 (RLIN) | 70251 |
| 700 ## - ADDED ENTRY--PERSONAL NAME | |
| Personal name | BASAVA (K D) |
| 9 (RLIN) | 70252 |
| 942 ## - ADDED ENTRY ELEMENTS (KOHA) | |
| Source of classification or shelving scheme | Dewey Decimal Classification |
| Koha item type | Book |
| Withdrawn status | Lost status | Source of classification or shelving scheme | Damaged status | Not for loan | Collection code | Home library | Current library | Date acquired | Total Checkouts | Full call number | Barcode | Date last seen | Price effective from | Koha item type |
|---|---|---|---|---|---|---|---|---|---|---|---|---|---|---|
| Dewey Decimal Classification | Management | St Aloysius Library | St Aloysius Library | 07/23/2013 | 658.023 BASC | D05146 | 01/31/2023 | 01/31/2023 | Book |